High Hopes - Panic! At The Disco (All Lyrics) - Statistics

General Stats
  • This quiz has been taken 309 times
  • The average score is 349 of 438
Answer Stats
High Hopes % Correct
a
99%
Intro High
99%
high
99%
hopes
99%
for
98%
I
98%
living
96%
have
93%
the
93%
The
93%
to
92%
Bridge | Chorus Had
91%
had
91%
go
90%
Pre-Chorus | Verse 1 | Verse 2 Mama
88%
said
88%
always
86%
Always
86%
in
85%
on
85%
but
84%
be
83%
Be
83%
up
83%
don't
82%
make
82%
when
81%
that
80%
Didn't
79%
stars
79%
you
79%
couldn't
78%
million
78%
one
78%
give
77%
killing
77%
Shooting
77%
gonna
76%
it's
76%
and
75%
ever
75%
feeling
75%
So
74%
was
73%
every
72%
no
72%
know
71%
little
71%
me
71%
We
71%
complicated
69%
more
69%
see
69%
love
68%
vision
68%
All
67%
all
67%
everything
67%
hate
67%
how
67%
wanted
65%
something
62%
I'd
60%
day
59%
legacy
58%
dime
57%
got
57%
never
57%
tied
57%
waiting
56%
your
55%
back
51%
down
51%
prophecy
50%
fulfill
47%
history
47%
Stay
46%
of
45%
days
44%
destiny
44%
oh
44%
They
44%
they
44%
best
43%
come
42%
Rewrite
40%
rise
40%
say
40%
haven't
39%
been
38%
greater
38%
seen
38%
Manifest
37%
sight
36%
done
35%
dreams
34%
light
32%
wildest
32%
biographies
31%
burn
30%
change
29%
victories
28%
run
26%
stranger
20%
novelties
18%
ain't
16%
wannabes
16%
crusaders
15%
Museums
14%
oddities
14%
uphill
14%
weird
12%
No matching quizzes found
Score Distribution
Percent of People with Each Score
Percentile by Number Answered
Your Score History
You have not taken this quiz